| 000 | 00487nam a2200193Ia 4500 | ||
|---|---|---|---|
| 005 | 20260429112132.0 | ||
| 008 | 260429s9999||||xx |||||||||||||| ||und|| | ||
| 020 | _a9789362243355 | ||
| 041 | _aEnglish | ||
| 082 |
_a526.1 _bSIN |
||
| 100 | _aSingh, Bipin | ||
| 245 | 0 |
_aSatellite geodesy / _cBipin Singh |
|
| 250 | _a1st ed. | ||
| 260 |
_aNew Delhi : _bDiscovery Publishing House, _c2025. |
||
| 300 | _avi, 244 p.; hb | ||
| 650 | _a Geodesy | ||
| 650 | _aSatellite | ||
| 942 | _cTB | ||
| 999 |
_c52530 _d52530 |
||